[Event "Manizales Departamental-ch (Women) 2nd"]
[Site "Manizales"]
[Date "2022.07.15"]
[Round "2"]
[White "Londono Tejedor, Leidy Johana"]
[Black "Martinez Salgado, Gabriela"]
[Result "0-1"]
[WhiteElo "1187"]
[BlackElo "1142"]
[PlyCount "76"]
[EventDate "2022.07.14"]
[EventType "tourn"]
[EventRounds "7"]
[EventCountry "COL"]
[SourceTitle "EXT 2024"]
[Source "ChessBase"]
[SourceDate "2023.10.10"]
[SourceVersion "1"]
[SourceVersionDate "2023.10.10"]
[SourceQuality "1"]

1. e4 c5 2. Nf3 d6 3. d4 cxd4 4. Nxd4 Nf6 5. Nc3 g6 6. Bc4 Bg7 7. Be3 0-0 8. Qd2 Nbd7 9. 0-0-0 Ne5 10. Be2 Bd7 11. Bh6 Neg4 12. Bxg4 Nxg4 13. Bxg7 Kxg7 14. h3 Ne5 15. f4 Nc4 16. Qd3 Rc8 17. f5 Qb6 18. b3 Ne5 19. Qg3 Qb4 20. Kb2 Nc4+ 21. Ka1 Na3 22. Nd5 Qa5 23. Nxe7 Nxc2+ 24. Kb1 Rc3 25. Rd3 Rxd3 26. Qxd3 Nb4 27. Qd2 Qb6 28. Qc3 f6 29. Rc1 Re8 30. Nd5 Nxd5 31. exd5 Rc8 32. Qe3 Rxc1+ 33. Kxc1 Qc5+ 34. Kb2 Qxd5 35. fxg6 Qxg2+ 36. Ka3 Qxh3 37. Qxh3 Bxh3 38. gxh7 Kxh7 0-1

[Event "COL Subzt 2.3.4 (Women)"]
[Site "Risarald"]
[Date "2021.11.24"]
[Round "3"]
[White "Londono Tejedor, Leidy Johana"]
[Black "Arcos Jojoa, Angela Sofia"]
[Result "0-1"]
[WhiteElo "1483"]
[BlackElo "1418"]
[PlyCount "78"]
[EventDate "2021.11.23"]
[EventType "swiss"]
[EventRounds "9"]
[EventCountry "COL"]
[SourceTitle "CBM 205 Extra"]
[Source "ChessBase"]
[SourceDate "2022.01.31"]
[SourceVersion "1"]
[SourceVersionDate "2022.01.31"]
[SourceQuality "1"]

1. e4 e5 2. Nf3 Nc6 3. Bb5 a6 4. Ba4 b5 5. Bb3 Bc5 6. c3 d6 7. h3 Nf6 8. d3 h6 9. 0-0 0-0 10. Bd2 Bb7 11. a4 Re8 12. c4 b4 13. Nh4 Nd4 14. a5 Nh7 15. Ba4 Rf8 16. Qg4 Ng5 17. g3 Bc8 18. Qh5 Qf6 19. Bxg5 Qxg5 20. Qxg5 hxg5 21. Nf5 Nxf5 22. exf5 Bxf5 23. Bc6 Rad8 24. Rd1 Bxh3 25. Bf3 Be6 26. Nd2 Bd4 27. Ra2 c5 28. b3 d5 29. cxd5 Bxd5 30. Bxd5 Rxd5 31. Ne4 g4 32. Kg2 f5 33. Ng5 f4 34. Ne6 f3+ 35. Kh2 Rf6 36. Ng5 Rh6+ 37. Kg1 Kf8 38. Ne4 Ke7 39. Rc2 Rd8 0-1

[Event "COL Subzt 2.3.4 (Women)"]
[Site "Risarald"]
[Date "2021.11.24"]
[Round "2"]
[White "Quevedo Bonilla, Paula Thaliana"]
[Black "Londono Tejedor, Leidy Johana"]
[Result "1-0"]
[WhiteElo "1316"]
[BlackElo "1483"]
[PlyCount "67"]
[EventDate "2021.11.23"]
[EventType "swiss"]
[EventRounds "9"]
[EventCountry "COL"]
[SourceTitle "CBM 205 Extra"]
[Source "ChessBase"]
[SourceDate "2022.01.31"]
[SourceVersion "1"]
[SourceVersionDate "2022.01.31"]
[SourceQuality "1"]

1. e4 e6 2. d4 d5 3. Nc3 c5 4. Nf3 Nc6 5. Bb5 a6 6. Bxc6+ bxc6 7. Bf4 c4 8. 0-0 Ne7 9. Qd2 Ng6 10. Bg3 Bb4 11. e5 h6 12. a3 Be7 13. Na4 Bd7 14. b4 0-0 15. Nc5 Ra7 16. Rab1 Qc7 17. h4 Rc8 18. h5 Nf8 19. Bh4 Bxh4 20. Nxh4 Qd8 21. Qf4 a5 22. bxa5 Qxa5 23. Nb7 Qc7 24. Nd6 Be8 25. Nxc8 Qxc8 26. Qg3 c5 27. f4 cxd4 28. f5 Qc5 29. Qf2 Rxa3 30. Rb8 Bd7 31. Ng6 Bc8 32. Rxc8 Qxc8 33. Ne7+ Kh7 34. Nxc8 1-0

[Event "COL Intercollegiate-chT U18 Girls"]
[Site "Palmira"]
[Date "2017.10.21"]
[Round "7.10"]
[White "Arenas Nunez, Angie Marcela"]
[Black "Londono Tejedor, Leidy Johana"]
[Result "1-0"]
[WhiteElo "1550"]
[BlackElo "1491"]
[PlyCount "29"]
[EventDate "2017.10.19"]
[EventType "swiss"]
[EventRounds "12"]
[EventCountry "COL"]
[SourceTitle "CBM 181 Extra"]
[Source "ChessBase"]
[SourceDate "2017.12.12"]
[SourceVersion "1"]
[SourceVersionDate "2017.12.12"]
[SourceQuality "1"]

1. e4 e5 2. Nf3 Nc6 3. Bc4 Bc5 4. c3 Nf6 5. d4 exd4 6. cxd4 Bb4+ 7. Nc3 Nxe4 8. Qd3 d5 9. Bb3 Qe7 10. 0-0 Nxc3 11. bxc3 Bd6 12. Re1 Be6 13. Bxd5 0-0 14. Ng5 Qf6 15. Qxh7# 1-0